LA CARRERA DE ARMAMENTOS : UN PROGRAMA PARA EL DESARME MUNDIAL /
TRADUCCION DE: THE ARMS RACE : A PROGRAMME FOR WORLD DISARMAMENT
Uloženo v:
| Hlavní autor: | |
|---|---|
| Médium: | Kniha |
| Edice: | VENTANA ABIERTA ;
10 |
| Témata: | |
| Tagy: |
Žádné tagy, Buďte první, kdo vytvoří štítek k tomuto záznamu!
|
MARC
| LEADER | 00000nam^a2200000^a^4500 | ||
|---|---|---|---|
| 001 | 000235766 | ||
| 005 | 20250521000000.0 | ||
| 009 | 20260310104822.318 | ||
| 035 | |a 053040 | ||
| 037 | |a Acervo Xavier Clavigero | ||
| 082 | |a 355. 03 NOE | ||
| 100 | |a Noel-Baker, Philip |e (autor) | ||
| 245 | 1 | 3 | |a LA CARRERA DE ARMAMENTOS : |b UN PROGRAMA PARA EL DESARME MUNDIAL / |c PHILIP NOEL-BAKER |
| 264 | |a MADRID : |b TECNOS, |c 1965 | ||
| 300 | |a 711 p. | ||
| 336 | |a texto |b txt |2 rdacontenido | ||
| 337 | |a sin mediación |b n |2 rdamedio | ||
| 338 | |a volumen |b nc |2 rdasoporte | ||
| 440 | |a VENTANA ABIERTA ; |v 10 | ||
| 520 | |a TRADUCCION DE: THE ARMS RACE : A PROGRAMME FOR WORLD DISARMAMENT | ||
| 649 | |a XX | ||
| 650 | |a Desarme | ||
| 650 | |a Armamento | ||
| 650 | |a Armas Nucleares | ||
| 910 | |a Fondo General | ||
| 920 | |a Impresos - Libros | ||
| 930 | |a Colección General | ||
| 905 | |a 101 | ||
| 901 | |a 053040 |b IT1 |c ACC |i 053040 |u 20250521 | ||
| 902 | |a https://opac.biblio.iteso.mx/vufind/Record/000235766 | ||